| 000 | 00378nam a2200157Ia 4500 | ||
|---|---|---|---|
| 008 | 210210b2003 xxu||||| |||| 00| 0 eng d | ||
| 020 | _a8 18710 712 X | ||
| 082 | _a611 PARH | ||
| 100 | _aPARKER (Janet). | ||
| 245 | _aHuman body Atlas. | ||
| 260 |
_aND _bOm Book Service _c2003 |
||
| 300 | _a224 | ||
| 650 | _aHuman body atlas | ||
| 690 | _aHuman Anatomy | ||
| 906 | _a059857 | ||
| 999 |
_c106900 _d106900 |
||